Símbolo de la sirena en la novela El silencio de las sirenas
Analýza symbolu Sirény v novele El silencio de las sirenas a jeho postavanie a význam. Definovanie pojmu symbol.
Salvato in:
| Autore principale: | |
|---|---|
| Natura: | Capitolo di libro |
| Lingua: | spagnolo |
| Soggetti: | |
| Tags: |
Nessun Tag, puoi essere il primo ad aggiungerne!!
|
MARC
| LEADER | 00000naa$a2200000$$$4500 | ||
|---|---|---|---|
| 001 | 0273358 | ||
| 005 | 20240502074316.8 | ||
| 041 | 0 | |a spa | |
| 044 | |a SK | ||
| 245 | 1 | 0 | |a Símbolo de la sirena en la novela El silencio de las sirenas |c Sofia Tužinská |
| 520 | |a Analýza symbolu Sirény v novele El silencio de las sirenas a jeho postavanie a význam. Definovanie pojmu symbol. | ||
| 610 | 2 | 0 | |a história |
| 610 | 2 | 0 | |a symboly |
| 610 | 2 | 0 | |a literatúra |
| 100 | 1 | |a Tužinská, Sofia, 1973- | |